000 00841nam a22002297a 4500
999 _c6158
_d6158
003 AR-CdUCM
008 190313b ||||| |||| 00| 0 spa d
040 _aMUNICIPALIDAD PROVINCIAL DEL CUSCO
_cBIBLIOTECA MUNICIPAL DEL CUSCO
082 _a869.624 /
_b A24I
100 _aAdoum, Jorge Enrique
_914264
245 _aInforme personal sobre la situación /
260 _aLa Habana :
_bCasa de las Américas,
_c1975.
300 _a188 páginas ;
_c15 cm.
440 _aColección la Honda
_98771
500 _aDonación familia Nieto
505 _aContenido: De Ecuador Amargo -- Lamento y madrigal sobre Palmira -- El desvelo y las noticias -- Historia de soldados -- De los cuadernos de la tierra...
650 _aPoesías ecuatorianas
_9346
650 _aSiglo XX
_98
650 _aQuito
_910157
942 _2ddc
_cLIBROS
945 _adavv